000 00283nam a22001217a 4500
008 230726b |||||||| |||| 00| 0 eng d
100 _aFowler, H. W, Fowler F. G.
245 _aThe Oxford Dictionary
260 _a1959
300 _a1552p
440 _aDicionario
942 _2udc
_cBK
999 _c50012
_d50011